000 00487 a2200169 4500
003 OSt
005 20231027150404.0
008 231027b |||||||| |||| 00| 0 eng d
020 _a9789354829932
040 _coclc
082 _a894.8123
_bCHA/K
100 _aCharuvil, Ashokan
_97157
245 _a KATTOORKADAVU /
_cCharuvil Ashokan
260 _aKottayam:
_bDC Books,
_c2023.
300 _a376 p,
_b21 cm
942 _2ddc
_cBK
_h894.8123
_iCHA/K
_k894.8123
_mCHA/K
999 _c42939
_d42939